<?xml version="1.0" encoding="UTF-8"?>
<record
    xmlns:xsi="http://www.w3.org/2001/XMLSchema-instance"
    xsi:schemaLocation="http://www.loc.gov/MARC21/slim http://www.loc.gov/standards/marcxml/schema/MARC21slim.xsd"
    xmlns="http://www.loc.gov/MARC21/slim">

  <leader>00495nam a22001457a 4500</leader>
  <datafield tag="999" ind1=" " ind2=" ">
    <subfield code="c">114915</subfield>
    <subfield code="d">114915</subfield>
  </datafield>
  <controlfield tag="005">20191203111737.0</controlfield>
  <controlfield tag="008">191203b           ||||| |||| 00| 0 eng d</controlfield>
  <datafield tag="040" ind1=" " ind2=" ">
    <subfield code="c">PK-LaUMT</subfield>
  </datafield>
  <datafield tag="082" ind1=" " ind2=" ">
    <subfield code="a">158.1</subfield>
    <subfield code="b">CAN-S</subfield>
  </datafield>
  <datafield tag="100" ind1=" " ind2=" ">
    <subfield code="a">Canfield, Jack = &#x6A9;&#x6CC;&#x646; &#x641;&#x6CC;&#x644;&#x688;&#x60C; &#x62C;&#x6CC;&#x6A9;</subfield>
  </datafield>
  <datafield tag="245" ind1=" " ind2=" ">
    <subfield code="a">Soch ki quwwat = &#x633;&#x648;&#x686; &#x6A9;&#x6CC; &#x642;&#x648;&#x62A; /</subfield>
    <subfield code="c">by Jack Canfield; translated by Amjad Mahmood = &#x62C;&#x6CC;&#x6A9; &#x6A9;&#x6CC;&#x646;&#x641;&#x6CC;&#x644;&#x688; &#x61B; &#x645;&#x62A;&#x631;&#x62C;&#x645; &#x627;&#x645;&#x62C;&#x62F; &#x645;&#x62D;&#x645;&#x648;&#x62F;</subfield>
  </datafield>
  <datafield tag="260" ind1=" " ind2=" ">
    <subfield code="a">Lahore :</subfield>
    <subfield code="b">Book Home,</subfield>
    <subfield code="c">2018</subfield>
  </datafield>
  <datafield tag="300" ind1=" " ind2=" ">
    <subfield code="a">248 p.</subfield>
  </datafield>
  <datafield tag="942" ind1=" " ind2=" ">
    <subfield code="c">BK</subfield>
  </datafield>
  <datafield tag="952" ind1=" " ind2=" ">
    <subfield code="0">0</subfield>
    <subfield code="1">0</subfield>
    <subfield code="4">0</subfield>
    <subfield code="7">0</subfield>
    <subfield code="a">01</subfield>
    <subfield code="b">01</subfield>
    <subfield code="d">2019-12-03</subfield>
    <subfield code="l">8</subfield>
    <subfield code="o">158.1 CAN-S</subfield>
    <subfield code="p">131262</subfield>
    <subfield code="r">2025-02-01 15:57:21</subfield>
    <subfield code="s">2025-01-17</subfield>
    <subfield code="w">2019-12-03</subfield>
    <subfield code="y">BK</subfield>
  </datafield>
</record>
